Hospodársky rast, chudoba a nerovnosť: výzva pre Afriku

Poukázanie na problém príjmovej nerovnosti ako prekážky v eliminácii chudoby prostredníctvom hospodárskeho rastu. Použitie metód analýzy, komparácie a deskripcie.

Salvato in:
Dettagli Bibliografici
Autore principale: Kunychka, Mykhaylo, 1990-
Natura: Capitolo di libro
Lingua:slovacco
Soggetti:
Tags: Aggiungi Tag
Nessun Tag, puoi essere il primo ad aggiungerne!!

MARC

LEADER 00000naa a2200000 4500
001 0265213
005 20240502074208.0
041 0 |a slo 
044 |a SK 
245 1 0 |a Hospodársky rast, chudoba a nerovnosť: výzva pre Afriku  |c Mykhaylo Kunychka 
520 |a Poukázanie na problém príjmovej nerovnosti ako prekážky v eliminácii chudoby prostredníctvom hospodárskeho rastu. Použitie metód analýzy, komparácie a deskripcie. 
610 2 0 |a chudoba 
610 2 0 |a nerovnosť 
610 2 0 |a rast hospodársky 
610 2 0 |a populácia 
610 2 0 |a Afrika 
100 1 |a Kunychka, Mykhaylo, 1990-